000
00293nam a2200121Ia 4500
008
191201s2000 xx 000 0 und d
100
_a
GUPTA, A.K
245
0
_a
NCUTE Industry Meet 2000: A Report
260
_c
2000
_b
NCUTE-IIT DELHI
300
_a
192
650
_a
B.Tech(TE)
942
_2
ddc
_c
BK
999
_c
6799
_d
6799